Computer aided optimum design of structures VIII / (Record no. 566447)

000 -LEADER
fixed length control field 01211cam a22003257a 4500
001 - CONTROL NUMBER
control field 13436521
003 - CONTROL NUMBER IDENTIFIER
control field CEME
005 - DATE AND TIME OF LATEST TRANSACTION
control field 20210628201534.0
008 - FIXED-LENGTH DATA ELEMENTS--GENERAL INFORMATION
fixed length control field 031217s2003 enka 101 0 eng
010 ## - LIBRARY OF CONGRESS CONTROL NUMBER
LC control number 2003273948
015 ## - NATIONAL BIBLIOGRAPHY NUMBER
National bibliography number GBA3-Y7944
020 ## - INTERNATIONAL STANDARD BOOK NUMBER
International Standard Book Number 1853129720
035 ## - SYSTEM CONTROL NUMBER
System control number (OCoLC)ocm51667710
040 ## - CATALOGING SOURCE
Original cataloging agency UKM
Transcribing agency UKM
Modifying agency HKP
-- DLC
042 ## - AUTHENTICATION CODE
Authentication code lccopycat
050 00 - LIBRARY OF CONGRESS CALL NUMBER
Classification number TA658.8
Item number .I5 2003
082 04 - DEWEY DECIMAL CLASSIFICATION NUMBER
Classification number 624.177130285
Edition number 21
111 2# - MAIN ENTRY--MEETING NAME
Meeting name or jurisdiction name as entry element International Conference on Computer Aided Optimum Design of Structures
Number of part/section/meeting (8th :
Date of meeting 2003)
9 (RLIN) 55713
245 10 - TITLE STATEMENT
Title Computer aided optimum design of structures VIII /
Statement of responsibility, etc. editors, S. Hernández, C.A. Brebbia, M.E.M. El-Sayed.
260 ## - PUBLICATION, DISTRIBUTION, ETC.
Place of publication, distribution, etc. Southampton,[England] ;
-- Boston :
Name of publisher, distributor, etc. WIT Press,
Date of publication, distribution, etc. 2003.
300 ## - PHYSICAL DESCRIPTION
Extent 339 p. :
Other physical details ill. ;
Dimensions 23 cm.
504 ## - BIBLIOGRAPHY, ETC. NOTE
Bibliography, etc. note Includes bibliographical references and index.
650 #0 - SUBJECT ADDED ENTRY--TOPICAL TERM
Topical term or geographic name entry element Structural optimization
General subdivision Data processing
Form subdivision Congresses.
9 (RLIN) 55714
650 #0 - SUBJECT ADDED ENTRY--TOPICAL TERM
Topical term or geographic name entry element Structural optimization
General subdivision Industrial applications
Form subdivision Congresses.
9 (RLIN) 55715
650 #0 - SUBJECT ADDED ENTRY--TOPICAL TERM
Topical term or geographic name entry element Computer-aided design
Form subdivision Congresses.
9 (RLIN) 55716
700 1# - ADDED ENTRY--PERSONAL NAME
Personal name Hernández, S.
Fuller form of name (Santiago),
Dates associated with a name 1951-
9 (RLIN) 55556
700 1# - ADDED ENTRY--PERSONAL NAME
Personal name Brebbia, C. A.
9 (RLIN) 23437
700 1# - ADDED ENTRY--PERSONAL NAME
Personal name El-Sayed, M.E.M.
9 (RLIN) 55717
942 ## - ADDED ENTRY ELEMENTS (KOHA)
Source of classification or shelving scheme
Koha item type Book
Holdings
Withdrawn status Lost status Source of classification or shelving scheme Damaged status Not for loan Permanent Location Current Location Shelving location Date acquired Full call number Barcode Date last seen Price effective from Koha item type Public note
          College of Electrical & Mechanical Engineering (CEME) College of Electrical & Mechanical Engineering (CEME) General Stacks 02/23/2017 620.0042 COM CEME-40099 06/28/2021 06/28/2021 Book 4.1
© 2023 Central Library, National University of Sciences and Technology. All Rights Reserved.